<?xml version="1.0" encoding="UTF-8"?><?xml-stylesheet type="text/xsl" href="static/style.xsl"?><OAI-PMH xmlns="http://www.openarchives.org/OAI/2.0/" xmlns:xsi="http://www.w3.org/2001/XMLSchema-instance" xsi:schemaLocation="http://www.openarchives.org/OAI/2.0/ http://www.openarchives.org/OAI/2.0/OAI-PMH.xsd"><responseDate>2026-04-13T07:13:52Z</responseDate><request verb="GetRecord" identifier="oai:www.recercat.cat:10256/19117" metadataPrefix="marc">https://recercat.cat/oai/request</request><GetRecord><record><header><identifier>oai:recercat.cat:10256/19117</identifier><datestamp>2024-05-22T11:26:52Z</datestamp><setSpec>com_2072_452966</setSpec><setSpec>com_2072_2054</setSpec><setSpec>col_2072_452968</setSpec></header><metadata><record xmlns="http://www.loc.gov/MARC21/slim" xmlns:dcterms="http://purl.org/dc/terms/" xmlns:xsi="http://www.w3.org/2001/XMLSchema-instance" xmlns:doc="http://www.lyncode.com/xoai" xsi:schemaLocation="http://www.loc.gov/MARC21/slim http://www.loc.gov/standards/marcxml/schema/MARC21slim.xsd">
   <leader>00925njm 22002777a 4500</leader>
   <datafield ind2=" " ind1=" " tag="042">
      <subfield code="a">dc</subfield>
   </datafield>
   <datafield ind2=" " ind1=" " tag="720">
      <subfield code="a">Rodríguez Martín, Patricia</subfield>
      <subfield code="e">author</subfield>
   </datafield>
   <datafield ind2=" " ind1=" " tag="260">
      <subfield code="c">2020-06</subfield>
   </datafield>
   <datafield ind2=" " ind1=" " tag="520">
      <subfield code="a">La finalitat d’aquest estudi és dur a terme una documentació i la posterior interpretació d’accions mediambientals a partir de l’Educació Artística i de les TIC com recurs didàctic. Aquesta pràctica es realitza amb alumnes de cinquè de primària de l’escola el Pericot de Girona.&#xd;
Els resultats obtinguts manifesten la baixa conscienciació inicial dels alumnes vers la temàtica. Les activitats proposades per canviar aquesta perspectiva, permeten potenciar l’Educació Ambiental a l’escola transmetent un seguit de valors i hàbits, que encaminen a les generacions cap a una forma de vida més respectuosa amb el Medi Ambient. D’aquesta manera, aconseguim una formació de consciència social basada en la cuida de l’entorn que ens envolta. Tot i que la mostra social observable és reduïda, es deriva d’aquest resultats el canvi de perspectiva i d’accions per part dels alumnes per a la millora d’aquesta problemàtica.</subfield>
   </datafield>
   <datafield ind1="8" ind2=" " tag="024">
      <subfield code="a">http://hdl.handle.net/10256/19117</subfield>
   </datafield>
   <datafield tag="653" ind2=" " ind1=" ">
      <subfield code="a">Educació ambiental</subfield>
   </datafield>
   <datafield tag="653" ind2=" " ind1=" ">
      <subfield code="a">Environmental education</subfield>
   </datafield>
   <datafield tag="653" ind2=" " ind1=" ">
      <subfield code="a">Art--Ensenyament</subfield>
   </datafield>
   <datafield tag="653" ind2=" " ind1=" ">
      <subfield code="a">Art--Study and teaching</subfield>
   </datafield>
   <datafield tag="653" ind2=" " ind1=" ">
      <subfield code="a">Consciència social</subfield>
   </datafield>
   <datafield tag="653" ind2=" " ind1=" ">
      <subfield code="a">Social consciousness</subfield>
   </datafield>
   <datafield ind2="0" ind1="0" tag="245">
      <subfield code="a">La influència de les pràctiques artístiques en accions mediambientals per afavorir una consciència social</subfield>
   </datafield>
</record></metadata></record></GetRecord></OAI-PMH>